| 000 | 00582nam a2200181 i 4500 | ||
|---|---|---|---|
| 001 | 20682 | ||
| 003 | ES-MaACL | ||
| 007 | t| | ||
| 008 | 021115s1846 ddr ||||1| eng d | ||
| 100 | 1 |
_aAinsworth, William Harrison. _918986 |
|
| 245 | 1 | 0 |
_aJack Sheppard / _ca romance by William Harrison Ainsworth. |
| 260 |
_aLeipzig : _bBeruhard Tauchnit, _c1846. |
||
| 300 |
_aVI, 458 p., 1 lám. : _bretr. aut. ; _c15 cm. |
||
| 490 | 1 |
_aCollection of British authors ; _v110 |
|
| 830 | 0 |
_aCollection of British authors ; _v110 _9180703 |
|
| 852 |
_aES-MaACL _jG-12195 |
||
| 999 |
_c20682 _d20682 |
||